Online Catalogue and eLibrary

The social origins of the sexual division of labour (Record no. 2704)

MARC details
000 -LEADER
fixed length control field 00390nam a2200145Ia 4500
005 - DATE AND TIME OF LATEST TRANSACTION
control field 20240408014609.0
008 - FIXED-LENGTH DATA ELEMENTS--GENERAL INFORMATION
fixed length control field 240331s9999 xx 000 0 und d
082 ## - DDC Classification
Item Number - Author Mark MIE
Class No. 331
100 ## - MAIN ENTRY--PERSONAL NAME
Personal name Mies, Maria
245 #4 - TITLE STATEMENT
Title The social origins of the sexual division of labour
Statement of responsibility, etc. Maria Mies
260 ## - PUBLICATION, DISTRIBUTION, ETC.
Place of publication, distribution, etc. Colombo
Name of publisher, distributor, etc. Women's Education Center
Date of publication, distribution, etc. 1981
300 ## - PHYSICAL DESCRIPTION
Extent (e.g. Volumes, Pages etc.) 49 p .,
650 ## - SUBJECT ADDED ENTRY--TOPICAL TERM
Topical term or geographic name entry element Sexual
942 ## - Koha item type (Biblio)
Koha item type Books in Stacks (Lending)
Holdings
Lost status Damaged status Collection code Home library Current library Shelving location Date acquired Full call number Accession Number Item type
    Lending WERC Library WERC Library Social Science Cupboard 03/31/2024 331 MIE 677 Books in Stacks (Lending)

© WERC Library